000 00261nam a2200109Ia 4500
001 588757
005 20250717120837.0
008 250717s9999 xx 000 0 und d
245 0 _aZ-2 ALTIN NİNE
_cMERYEM UÇAR
260 _bERDEM YAYINLARI
_c2018
300 _b86
999 _c588757
_d588757